[Event "C55"]
[Site "Cleanchess.com Saint Louis USA"]
[Date "2018.03.13"]
[Round "8.3"]
[White "Grabinsky,Aaron"]
[Black "Mikhalevski,V"]
[Result "0-1"]
[WhiteElo "2375"]
[BlackElo "2557"]

1.e4 e5 2.Nf3 Nc6 3.Bc4 Nf6 4.d3 h6 5.O-O d6 6.c3 Be7 7.Re1 O-O 8.Bb3 Nh7
9.Nbd2 Ng5 10.Nxg5 Bxg5 11.Nf1 g6 12.Bxg5 hxg5 13.Ne3 Kg7 14.d4 f6 15.Qd2 Bd7
16.f3 a5 17.a4 Qb8 18.Kh1 Rh8 19.Bc4 Rh7 20.h3 Qa7 21.Bb5 exd4 22.cxd4 Bxh3
23.gxh3 Nxd4 24.Kg2 Rah8 25.Bd7 Nb3 26.Qf2 Qa6 27.f4 Nxa1 28.fxg5 Rf8 29.Rxa1
Qd3 30.Re1 fxg5 31.Qc2 Qxc2+ 32.Nxc2 Rf4 33.Bg4 Kh6 34.Bf3 Rhf7 35.Re3 Re7
36.Rb3 c6 37.Ne3 Kg7 38.Rc3 d5 39.exd5 Rxa4 40.dxc6 bxc6 41.Bxc6 Ra2 42.Nc4
Rc7 43.Nd6 Rxb2+ 44.Kg3 Rb8 45.Rc4 Kh6 46.Nb5 Rcc8 47.Nd6 Rb3+ 48.Kg2 Rc7
49.Ne8 Rb2+ 50.Kg3 Rb3+ 51.Kg2 Re7 52.Rc2 Ree3 53.Bd7 Rbd3 54.Bb5 Rg3+ 55.Kf2
Rdf3+ 56.Ke2 Rxh3 57.Bd7 Rh2+ 58.Kxf3 Rxc2 59.Nf6 Rc4 60.Ng4+ Kh5 61.Ne3 Rf4+
62.Kg3 a4 63.Nd5 Rd4 64.Nf6+ Kh6 {#R} 0-1

[Event "C55"]
[Site "Cleanchess.com   INT"]
[Date "2018.03.13"]
[Round "1"]
[White "Andriasian,Z"]
[Black "Boruchovsky,A"]
[Result "1-0"]
[WhiteElo "2586"]
[BlackElo "2542"]

1.e4 e5 2.Nf3 Nc6 3.Bc4 Nf6 4.d3 Be7 5.O-O O-O 6.a4 d5 7.exd5 Nxd5 8.Nbd2 Bg4
9.h3 Bh5 10.Re1 Kh8 11.Nf1 Nb6 12.Ba2 Bd6 13.Ng3 Bg6 14.c3 Qd7 15.Nh4 Rad8
16.Nxg6+ hxg6 17.Ne4 Be7 18.a5 Nd5 19.a6 b6 20.Qa4 Nf4 21.Bxf4 exf4 22.Nd2 Bd6
23.Nf3 Nb8 24.Qxd7 Rxd7 25.d4 c6 26.Ng5 f6 27.Ne6 Rc8 28.Bb3 Re7 29.Re2 Rce8
30.Rae1 Nxa6 31.Nxf4 Rxe2 32.Rxe2 Rxe2 33.Nxe2 Nc7 34.h4 Kh7 35.g3 Kh6 36.Kg2
a5 37.f4 g5 38.hxg5+ fxg5 39.Kf3 Kg6 40.Ke4 gxf4 41.gxf4 Kf6 42.Ng3 b5 43.Kf3
Ne8 44.Ne4+ Ke7 45.Ke3 g6 46.Bc2 Bc7 47.Ng5 Kf6 48.Be4 Nd6 49.Bxc6 Nc4+ 50.Kf3
Nxb2 51.Ne4+ Ke7 52.Bxb5 a4 53.c4 Ba5 54.Nc5 a3 55.Nb3 a2 56.c5 Nd1 57.d5 Bb4
58.d6+ Kd8 59.Nd4 Ba5 60.Nc6+ Kc8 61.d7+ Kxd7 62.Nxa5+ Kc7 63.Nb3 Nc3 64.Bd3
Na4 65.Bxg6 Nxc5 66.Na1 Kd6 67.Bf7 Nd3 68.Bxa2 Nxf4 69.Kxf4 Kc5 70.Ke5 Kb4
71.Kd4 Ka3 72.Bd5 Kb4 73.Nc2+ Kb5 74.Be4 Ka4 75.Kc4 Ka5 76.Kc5 Ka4 77.Bd5 Ka5
78.Bc6 Ka6 79.Nb4+ Ka5 80.Nd5 Ka6 81.Ne3 Ka7 82.Kb5 Kb8 83.Nd5 Kc8 84.Kc5 Kd8
85.Kd6 Kc8 86.Nf4 Kb8 87.Ne6 Kc8 88.Kc5 Kb8 89.Kb6 Kc8 90.Bb5 Kb8 91.Bd7 {#r}
1-0

[Event "C50"]
[Site "Cleanchess.com Bushehr IRI"]
[Date "2018.03.15"]
[Round "8.4"]
[White "Lorparizangeneh,S"]
[Black "Gholami Orimi,Mahdi"]
[Result "1-0"]
[WhiteElo "2506"]
[BlackElo "2299"]

1.e4 e5 2.Nf3 Nc6 3.Bc4 Bc5 4.O-O Nf6 5.d3 d6 6.c3 a6 7.a4 O-O 8.h3 h6 9.Re1
Ba7 10.Nbd2 Ne7 11.d4 Ng6 12.Bd3 Nh7 13.Nc4 Re8 14.Bf1 exd4 15.cxd4 d5 16.Ncd2
dxe4 17.Nxe4 Be6 18.Nc5 Bd5 19.Rxe8+ Qxe8 20.Be3 Nf6 21.b4 Rd8 22.Nd2 Nd7
23.Bd3 Nxc5 24.bxc5 Qd7 25.Ne4 Ne5 26.Bc2 Bxe4 27.Bxe4 Bxc5 28.Bxb7 a5 29.Rc1
Bxd4 30.Qxd4 Qxd4 31.Bxd4 Rxd4 32.Rc5 Nc4 33.Bc6 g6 34.Bb5 Nb6 35.Rxc7 Nxa4
36.Be8 Kf8 37.Bxf7 g5 38.Ba2 Rd1+ 39.Kh2 Rd2 40.Bb3 Nb2 41.Rf7+ Ke8 42.Rf6 a4
43.Bg8 a3 44.Rxh6 Kf8 45.Bb3 Rxf2 46.Rd6 Ke7 47.Re6+ Kd7 48.Re5 g4 49.hxg4 Rf4
50.g5 Rb4 51.Ba2 Kd6 52.Ra5 Ke7 53.Ra7+ Kd6 54.g6 {#r} 1-0

[Event "C48"]
[Site "Cleanchess.com Port Elizabeth RSA"]
[Date "2018.03.14"]
[Round "4.2"]
[White "Grover,S"]
[Black "Silva,David"]
[Result "1-0"]
[WhiteElo "2484"]
[BlackElo "2279"]

1.e4 e5 2.Nf3 Nc6 3.Nc3 Nf6 4.Bb5 Bd6 5.d3 h6 6.a3 O-O 7.Bc4 a6 8.g4 Bc5 9.h3
b5 10.Ba2 b4 11.axb4 Nxb4 12.g5 Nxa2 13.Rxa2 hxg5 14.Bxg5 Be7 15.Rg1 d6 16.Bh6
Ne8 17.Nd5 f5 18.Ng5 c6 19.Qh5 cxd5 20.Bxg7 Bxg5 21.Qh8+ Kf7 22.Qxf8+ {#r} 1-0

[Event "C45"]
[Site "Cleanchess.com Villava ESP"]
[Date "2018.03.18"]
[Round "8.2"]
[White "Ibarra Jerez,JC"]
[Black "Garbisu de Goni,U"]
[Result "1-0"]
[WhiteElo "2569"]
[BlackElo "2408"]

1.e4 e5 2.Nf3 Nc6 3.d4 exd4 4.Nxd4 Nf6 5.Nxc6 bxc6 6.Qe2 Bc5 7.e5 Nd5 8.c4
Bb4+ 9.Bd2 Nf4 10.Qe3 Bxd2+ 11.Nxd2 Ng6 12.Bd3 O-O 13.O-O d6 14.f4 dxe5
15.Bxg6 exf4 16.Bxh7+ Kxh7 17.Rxf4 Re8 18.Ne4 Be6 19.Nf6+ Qxf6 20.Rxf6 gxf6
21.Qe4+ Kg7 22.Rf1 Rad8 23.h3 Rd6 24.Rf3 Bd7 25.Rg3+ Kf8 26.Qh7 Re1+ 27.Kh2
Ke7 28.Qh6 Re5 29.Rg8 Ke6 30.Qf8 Rg5 31.Rxg5 fxg5 32.Qd8 f6 33.Qxc7 Rd2
34.Qxa7 Rxb2 35.Qe3+ Kf7 36.Qd4 Rb7 37.a4 Be6 38.a5 Rb4 39.a6 Ra4 40.a7 Ra6
41.g4 Ke7 42.Qc5+ Kd7 43.Qf8 {#r} 1-0

[Event "C45"]
[Site "Cleanchess.com   INT"]
[Date "2018.03.13"]
[Round "1"]
[White "Smirnov,Ant"]
[Black "Brown,Michael William"]
[Result "1-0"]
[WhiteElo "2543"]
[BlackElo "2497"]

1.e4 e5 2.Nf3 Nc6 3.d4 exd4 4.Nxd4 Bc5 5.Nb3 Bb6 6.Nc3 Nf6 7.Bg5 h6 8.Bh4 d6
9.f3 Be6 10.Bb5 O-O 11.Bxc6 bxc6 12.Qd2 a5 13.Nd4 Bd7 14.O-O-O Rb8 15.Rhe1 Re8
16.Qd3 g5 17.Bf2 Nh5 18.g3 Qf6 19.h4 Qg6 20.hxg5 hxg5 21.Rh1 Nf6 22.Qd2 d5
23.Nb3 Be6 24.exd5 cxd5 25.Bxb6 Rxb6 26.f4 g4 27.f5 Bxf5 28.Rdf1 Be4 29.Rh6
Qg7 30.Nc5 Bg6 31.Rfh1 Ne4 32.N5xe4 Bxe4 33.Rh8+ Qxh8 34.Rxh8+ Kxh8 35.Ne2 Kg8
36.Qc3 Ree6 37.Qxc7 Rh6 38.b3 Rbc6 39.Qd8+ Kh7 40.Nd4 Rc3 41.Qe7 Kg8 42.Qe8+
Kg7 43.Kb2 Re3 44.Qe5+ Kh7 45.Qf4 Re1 46.Qxf7+ Kh8 47.Qf8+ Kh7 48.Qe7+ Kh8
49.Qd8+ Kh7 50.Qd7+ Kh8 51.Qxg4 Rh2 52.Qc8+ Kh7 53.Qc7+ Kh8 54.Qxa5 Rd1
55.Qd8+ Kh7 56.Qe7+ Kh8 57.a4 Rhd2 58.Qd8+ Kh7 59.Qc7+ Kg6 60.Qd6+ Kh7 61.Nb5
Rxc2+ 62.Ka3 Ra1+ 63.Kb4 Rf2 64.a5 Rf7 65.a6 Kg7 66.Qe5+ Kh7 67.Qxa1 {#r} 1-0

[Event "C44"]
[Site "Cleanchess.com Baghdad IRQ"]
[Date "2018.03.16"]
[Round "5.4"]
[White "Ahmed,Abdu"]
[Black "Karpatchev,A"]
[Result "0-1"]
[WhiteElo "2245"]
[BlackElo "2478"]

1.e4 e5 2.Nf3 Nc6 3.c3 d5 4.Qa4 f6 5.d3 Ne7 6.Be2 Be6 7.O-O Qd7 8.Rd1 d4
9.Nbd2 Ng6 10.Qc2 a5 11.a4 Be7 12.Nc4 O-O 13.Bd2 Kh8 14.cxd4 exd4 15.Rdc1 f5
16.exf5 Rxf5 17.Re1 Raf8 18.Rac1 Bd5 19.Qd1 Bxf3 20.Bxf3 Rxf3 21.gxf3 Nh4
22.Re4 Nxf3+ 23.Kg2 Nh4+ 24.Kh1 Rxf2 25.Qg4 Nf3 26.Qg3 Rxh2+ 27.Qxh2 Nxh2
28.Kxh2 Qf5 29.Rce1 Qf2+ 30.Kh1 h6 31.Bf4 Qf3+ 32.Kh2 Qxd3 33.Ne5 Nxe5 34.Bxe5
Bd6 35.Bxd6 cxd6 36.Re8+ Kh7 37.R8e7 Qf3 38.R1e2 d3 39.Rg2 Qxg2+ {#R} 0-1

[Event "C42"]
[Site "Cleanchess.com Baghdad IRQ"]
[Date "2018.03.16"]
[Round "5.6"]
[White "Koniahli,Malek"]
[Black "Araz,B"]
[Result "0-1"]
[WhiteElo "2211"]
[BlackElo "2368"]

1.e4 e5 2.Nf3 Nf6 3.Nxe5 d6 4.Nf3 Nxe4 5.Nc3 Nf6 6.d4 Be7 7.Bd3 Bg4 8.h3 Bh5
9.O-O O-O 10.Nb1 c5 11.Be2 d5 12.dxc5 Bxc5 13.Bg5 Nbd7 14.Nc3 h6 15.Bh4 Re8
16.Ne1 d4 17.Bxh5 dxc3 18.bxc3 Qc7 19.Bg4 Nxg4 20.Qxg4 Ne5 21.Bg3 Bb6 22.Nd3
Nxg4 23.Bxc7 Ne3 24.fxe3 Bxc7 25.Nf4 Bb6 26.Nd5 Bxe3+ 27.Nxe3 Rxe3 28.Rab1 b6
29.Rb3 Rc8 30.Ra3 Rc7 31.Rd1 g6 32.Rd8+ Kg7 33.Ra8 a5 34.Ra6 Rexc3 35.Rxc3
Rxc3 36.Rxb6 Rxc2 37.a3 Rc3 38.a4 Rc4 39.Ra6 Rxa4 40.Kh2 Ra3 41.Kg1 h5 42.Rb6
Ra2 43.Kh1 h4 44.Kh2 f5 45.Kh1 a4 46.Ra6 Kh6 47.Rb6 a3 48.Rb4 Kh5 49.Kh2 Rb2
50.Ra4 a2 51.Ra6 f4 {#R} 0-1

[Event "C41"]
[Site "Cleanchess.com   INT"]
[Date "2018.03.13"]
[Round "1"]
[White "Yu Yangyi"]
[Black "Gorovets,A"]
[Result "1-0"]
[WhiteElo "2760"]
[BlackElo "2496"]

1.e4 d6 2.d4 Nf6 3.Nc3 e5 4.Nf3 Nbd7 5.Bc4 Be7 6.O-O O-O 7.a4 c6 8.Re1 a5
9.Ba2 exd4 10.Nxd4 Nc5 11.Bf4 Re8 12.h3 Bf8 13.Qf3 Qb6 14.Bg5 Ncd7 15.Nf5 Ne5
16.Qe3 Qxe3 17.Nxe3 Ned7 18.Nc4 h6 19.Bd2 Nc5 20.Bf4 Ncxe4 21.Nxe4 Nxe4 22.f3
d5 23.fxe4 dxc4 24.Bxc4 Be6 25.Bd3 Bc5+ 26.Kf1 b6 27.Rad1 Rad8 28.Ke2 g5
29.Be3 f5 30.Bxc5 bxc5 31.exf5 Bxf5+ 32.Kd2 Rxe1 33.Kxe1 Re8+ 34.Kd2 Bxd3
35.Kxd3 Rd8+ 36.Ke2 Rxd1 37.Kxd1 Kf7 38.Kd2 Ke6 39.Kd3 Ke5 40.Kc4 Kf4 41.Kxc5
Kg3 42.b4 Kxg2 43.bxa5 Kxh3 44.a6 g4 45.a7 g3 46.a8=Q g2 47.Qg8 Kh2 48.a5
g1=Q+ 49.Qxg1+ Kxg1 50.a6 h5 51.a7 h4 52.a8=Q h3 53.Qg8+ Kh1 54.Qg3 h2 55.Kd6
c5 56.Qf2 c4 57.Qf1# 1-0

[Event "C41"]
[Site "Cleanchess.com Villava ESP"]
[Date "2018.03.18"]
[Round "8.3"]
[White "Starostits,I"]
[Black "Cifuentes Parada,R"]
[Result "0-1"]
[WhiteElo "2441"]
[BlackElo "2465"]

1.d4 d6 2.e4 Nf6 3.Nc3 e5 4.Nf3 Nbd7 5.Bc4 Be7 6.O-O O-O 7.a4 c6 8.h3 Nxe4
9.Nxe4 d5 10.Nxe5 Nxe5 11.dxe5 dxc4 12.Bf4 Qxd1 13.Raxd1 Bf5 14.Rd4 Rfd8
15.Rxc4 Be6 16.Rc3 Rd4 17.f3 Rxa4 18.b3 Rd4 19.Be3 Rd5 20.f4 a5 21.Bc5 Bd8
22.f5 Bd7 23.e6 Be8 24.Rg3 Re5 25.Rf4 Rxc5 26.Nxc5 Bc7 27.Rgf3 Bxf4 28.Rxf4 b6
29.Nd3 Kf8 30.Ne5 fxe6 31.fxe6+ Ke7 32.Rc4 c5 33.Rh4 Kxe6 34.Nd3 h6 35.Re4+
Kd6 36.Rg4 g5 37.h4 Bd7 38.Rg3 g4 39.Kf2 b5 40.Nb2 Bf5 41.c4 a4 42.bxa4 bxa4
43.Ra3 Bd7 44.Kg3 Kc7 45.Kf4 Rb8 46.Nd3 Rb3 47.Rxb3 axb3 48.g3 Kd6 49.Nb2 Be6
50.Ke4 Bf7 51.Kf4 h5 52.Kf5 Bg8 53.Kg6 Ke5 54.Kxh5 Kd4 55.Kg6 Kc3 56.Na4+ Kxc4
57.h5 Kb4 58.h6 Kxa4 59.Kg7 Bh7 60.Kxh7 b2 {#R} 0-1

[Event "C41"]
[Site "Cleanchess.com Villava ESP"]
[Date "2018.03.17"]
[Round "6.2"]
[White "Ibarra Jerez,JC"]
[Black "Cifuentes Parada,R"]
[Result "1-0"]
[WhiteElo "2569"]
[BlackElo "2465"]

1.e4 d6 2.d4 Nf6 3.Nc3 e5 4.Nf3 Nbd7 5.Bc4 Be7 6.a4 O-O 7.O-O c6 8.Re1 b6
9.Ba2 a6 10.Qd3 Rb8 11.Ne2 exd4 12.Qxd4 Nc5 13.Ng3 Be6 14.Bf4 Bxa2 15.Rxa2 Ne6
16.Qd2 Nxf4 17.Qxf4 Nd7 18.Nf5 Ne5 19.Nxe5 dxe5 20.Qxe5 Bf6 21.Qf4 Re8 22.Raa1
Bxb2 23.Rad1 Qf6 24.g3 Be5 25.Qe3 b5 26.axb5 axb5 27.Rd7 h6 28.Red1 b4 29.Qc5
b3 30.cxb3 Rxb3 31.Re7 Rxe7 32.Qxe7 Kh7 33.Rd7 Qxe7 34.Rxe7 Bf6 35.Rxf7 Rb4
36.f3 c5 37.Rc7 c4 38.f4 Kg6 39.g4 c3 40.e5 Rxf4 41.exf6 Rxg4+ 42.Ng3 Kxf6
43.Rxc3 Ra4 44.Rc2 g6 45.Kg2 h5 46.Re2 Kg5 47.Ne4+ Kf4 48.Nc3 Ra3 49.Nd5+ Kg5
50.Re5+ Kh6 51.Ne3 Ra4 52.Kg3 Ra3 53.Re4 Ra2 54.Re5 Kg7 55.Re6 Kf7 56.Rd6 Ra4
57.Rb6 Kg7 58.Rc6 Kh6 59.Nc4 Kg5 60.h4+ Kf5 61.Ne3+ Ke4 62.Re6+ Kd3 63.Re5 Re4
64.Rxe4 Kxe4 65.Nc4 Kf5 66.Nd6+ Ke5 67.Nf7+ Ke4 68.Ng5+ Ke3 69.Kg2 Kf4 70.Kh3
Kf5 71.Kg3 Ke5 72.Kf3 Kf5 73.Ne4 Ke5 74.Ng3 g5 75.hxg5 h4 76.Ne4 Kf5 77.Kg2
Kg6 78.Kh2 {#r} 1-0

[Event "C18"]
[Site "Cleanchess.com Sweden SWE"]
[Date "2018.03.16"]
[Round "7.3"]
[White "Hansen,Mads3"]
[Black "Ivanov,Sergey1"]
[Result "0-1"]
[WhiteElo "2393"]
[BlackElo "2539"]

1.e4 e6 2.d4 d5 3.Nc3 Bb4 4.e5 c5 5.a3 Bxc3+ 6.bxc3 Ne7 7.Qg4 cxd4 8.cxd4 Qc7
9.Bd2 Qxc2 10.Ne2 Nbc6 11.Qxg7 Rg8 12.Qf6 Bd7 13.h4 Nxd4 14.Nxd4 Qb2 15.Rc1
Qxd4 16.Bg5 Ng6 17.Be2 Qxe5 18.Qxe5 Nxe5 19.Rc7 Bc6 20.Rh3 h6 21.Bxh6 Kd8
22.Bf4 Kxc7 23.Bxe5+ Kd7 24.g4 a6 25.h5 Ke7 26.f4 f6 27.Bd4 Bb5 28.Bd1 Rac8
29.h6 Rc4 30.Be3 Rc3 31.a4 Be8 32.g5 fxg5 33.fxg5 d4 34.h7 Rh8 35.Bxd4 Rxh3
36.Bxh8 Rxh7 37.Bf6+ Kd6 38.Bc2 Rh2 39.Kd1 Rg2 40.a5 e5 41.Be4 Rb2 42.g6 Rb4
43.Bc2 Rg4 44.g7 Bf7 45.Kd2 Ke6 46.Bd8 Rd4+ 47.Ke1 {#R} 0-1

[Event "C11"]
[Site "Cleanchess.com   INT"]
[Date "2018.03.13"]
[Round "1"]
[White "Shabalov,A"]
[Black "Akobian,V"]
[Result "0-1"]
[WhiteElo "2568"]
[BlackElo "2640"]

1.e4 e6 2.d4 d5 3.Nc3 Nf6 4.e5 Nfd7 5.Nce2 c5 6.c3 Nc6 7.f4 a5 8.Nf3 a4 9.dxc5
Nxc5 10.Ned4 a3 11.b3 Ne4 12.Qd3 Nxd4 13.Nxd4 Bd7 14.Be3 Rc8 15.Rc1 Qh4+
16.Kd1 Bc5 17.Nf3 Bxe3 18.Qxe3 Qf2 {#R} 0-1

[Event "C11"]
[Site "Cleanchess.com   INT"]
[Date "2018.03.13"]
[Round "1"]
[White "Mitkov,N1"]
[Black "Nyzhnyk,I"]
[Result "1-0"]
[WhiteElo "2454"]
[BlackElo "2601"]

1.e4 e6 2.d4 d5 3.Nc3 Nf6 4.e5 Nfd7 5.f4 c5 6.Nf3 Nc6 7.Be3 Be7 8.Qd2 O-O
9.Nd1 f6 10.c3 cxd4 11.cxd4 Nb6 12.Nc3 Bd7 13.exf6 Bxf6 14.Be2 Rc8 15.O-O Ne7
16.b3 Nf5 17.Rac1 Be7 18.g4 Nd6 19.Ne5 Be8 20.Bd3 Nd7 21.Qg2 Nf6 22.g5 Nd7
23.Bxh7+ Kxh7 24.Qh3+ Kg8 25.Qxe6+ Bf7 26.Nxf7 Nxf7 27.Nxd5 Ba3 28.Rxc8 Qxc8
29.g6 Qc6 30.gxf7+ Rxf7 31.Qxc6 bxc6 32.Nc3 Nf6 33.Kg2 Bb4 34.Ne2 Nd5 35.Kf3
Kh7 36.Bc1 Bd6 37.Ke4 g5 38.Bd2 gxf4 39.Bxf4 Nxf4 40.Nxf4 Re7+ 41.Kf5 Rf7+
42.Kg5 Rg7+ 43.Kf6 Rg4 44.Kf5 Rh4 45.h3 Kh6 46.Rf3 Bb8 47.a4 a5 48.Ne6 Bd6
49.Rc3 Be7 50.Nf4 Kg7 51.Rxc6 Kf7 52.Rc7 {#r} 1-0

[Event "C03"]
[Site "Cleanchess.com Villava ESP"]
[Date "2018.03.17"]
[Round "3.3"]
[White "Urriza Iricibar,P"]
[Black "Reinaldo Castineira,R"]
[Result "0-1"]
[WhiteElo "2232"]
[BlackElo "2505"]

1.e4 e6 2.d4 d5 3.Nd2 Be7 4.e5 c5 5.c3 Nc6 6.Bd3 Nh6 7.Ndf3 Nf5 8.Ne2 cxd4
9.cxd4 h6 10.O-O Bd7 11.a3 Qb6 12.Bxf5 exf5 13.Nf4 Be6 14.h4 g5 15.Nxe6 fxe6
16.hxg5 hxg5 17.Nxg5 Qxd4 18.Qxd4 Nxd4 19.Nh3 Kd7 20.Rd1 Nf3+ 21.gxf3 Rxh3
22.Kg2 Rh4 23.f4 Rg8+ 24.Kf3 Bc5 25.b4 Bb6 26.Bd2 Rh3+ 27.Ke2 Rg2 28.Rf1 d4
29.a4 d3+ 30.Ke1 Bxf2+ 31.Kd1 Bd4 32.Ra3 Kc6 33.Bc3 Kd5 34.Bxd4 Kxd4 35.Kc1
d2+ {#R} 0-1

[Event "C02"]
[Site "Cleanchess.com   INT"]
[Date "2018.03.13"]
[Round "1"]
[White "Fedoseev,Vl3"]
[Black "Shetty,A"]
[Result "1-0"]
[WhiteElo "2724"]
[BlackElo "2391"]

1.e4 e6 2.d4 d5 3.e5 c5 4.c3 Qb6 5.Nf3 Nc6 6.a3 Nh6 7.Bd3 Bd7 8.Bc2 Be7 9.O-O
cxd4 10.cxd4 Nf5 11.Bxf5 exf5 12.Nc3 Be6 13.Ne2 h6 14.h4 O-O-O 15.g3 Rdg8
16.h5 g5 17.hxg6 Rxg6 18.Nf4 Rg4 19.Be3 h5 20.Nh2 Rg7 21.Qf3 h4 22.Rfc1 Kb8
23.Nf1 hxg3 24.fxg3 Qb3 25.Qf2 Rgh7 26.Rc3 Qb5 27.b4 a5 28.Kg2 axb4 29.axb4
Bxb4 30.Rcc1 Rh1 31.Rab1 Qa4 32.Qb2 Bd7 33.Bd2 Qa6 34.Bxb4 Nxe5 35.Bd6+ Ka8
36.Ra1 Ng4 37.Rxa6+ bxa6 38.Qb3 Bb5 39.Qxd5+ Ka7 40.Rc7+ Kb6 41.Qc5+ Ka5
42.Qb4+ Kb6 43.Nd5# 1-0

[Event "C01"]
[Site "Cleanchess.com   INT"]
[Date "2018.03.13"]
[Round "1"]
[White "Grigoryan,K2"]
[Black "Ehlvest,J"]
[Result "1-0"]
[WhiteElo "2571"]
[BlackElo "2536"]

1.e4 e6 2.d4 d5 3.exd5 exd5 4.Bd3 Nc6 5.c3 Bd6 6.Ne2 Nce7 7.O-O Nf6 8.Ng3 h6
9.Nd2 h5 10.Re1 Bxg3 11.hxg3 Bg4 12.Qb3 b6 13.Nf3 Bxf3 14.gxf3 h4 15.Qa3 hxg3
16.fxg3 Kf8 17.Bf4 Qd7 18.g4 Re8 19.Bf5 Qd8 20.Kg2 Kg8 21.Bd3 c5 22.dxc5 d4
23.cxb6 Ned5 24.Bg5 Ne3+ 25.Bxe3 dxe3 26.Rad1 Nxg4 27.Bh7+ Rxh7 28.Rxd8 Rxd8
29.fxg4 {#r} 1-0

[Event "C00"]
[Site "Cleanchess.com   INT"]
[Date "2018.03.13"]
[Round "1"]
[White "Bacrot,E"]
[Black "Barsegyan,H"]
[Result "1-0"]
[WhiteElo "2718"]
[BlackElo "2464"]

1.e4 e6 2.d3 d5 3.Nd2 Nf6 4.Ngf3 c5 5.g3 g6 6.Bg2 Bg7 7.O-O O-O 8.c3 Nc6 9.Re1
b6 10.Qa4 Bd7 11.Qc2 Rc8 12.Nf1 d4 13.e5 Nd5 14.c4 Ndb4 15.Qe2 Ne7 16.h4 b5
17.b3 bxc4 18.bxc4 Ba4 19.Rb1 Rb8 20.Bf4 Nc2 21.Rec1 Rxb1 22.Rxb1 Qc7 23.Rb2
Nb4 24.N1h2 Kh8 25.Ng4 Ng8 26.h5 Rb8 27.Nf6 Nc6 28.Rxb8 Nxb8 29.Ng5 Qe7
30.hxg6 hxg6 31.Qg4 Nxf6 32.exf6 Bxf6 33.Qh4+ Kg8 34.Qh7+ Kf8 35.Bd6 Bxg5
36.Qh8# 1-0

[Event "B94"]
[Site "Cleanchess.com   INT"]
[Date "2018.03.13"]
[Round "1"]
[White "Sheng,Joshua"]
[Black "Sarana,A"]
[Result "0-1"]
[WhiteElo "2408"]
[BlackElo "2577"]

1.e4 c5 2.Nf3 d6 3.d4 cxd4 4.Nxd4 Nf6 5.Nc3 a6 6.Bg5 Nbd7 7.Qe2 h6 8.Bh4 g6
9.f4 e5 10.fxe5 dxe5 11.O-O-O Qc7 12.Nb3 b5 13.Nd5 Nxd5 14.exd5 Bd6 15.Qd2 Kf8
16.g4 a5 17.Bxb5 a4 18.Na1 Nb6 19.Bc6 Rb8 20.Qe2 Nd7 21.Bxa4 h5 22.h3 Qa5
23.Qc4 Kg7 24.Nb3 Qb4 25.Qxb4 Rxb4 26.Bc6 hxg4 27.hxg4 Rxg4 28.Bxd7 Bxd7
29.Bf6+ Kxf6 30.Rxh8 e4 31.Re1 Bg3 32.Rf1+ Bf4+ 33.Kd1 Ke5 34.Re1 Rg2 35.Rf1
Bg4+ 36.Ke1 Re2+ 37.Kd1 Rh2+ 38.Ke1 Bg3+ 39.Rf2 Bxf2+ 40.Kf1 Rxh8 41.Kxf2 Kf4
42.Nc5 e3+ 43.Kg1 Bf3 {#R} 0-1

[Event "B92"]
[Site "Cleanchess.com   INT"]
[Date "2018.03.13"]
[Round "1"]
[White "Vidit,S"]
[Black "Hemant,S2"]
[Result "1-0"]
[WhiteElo "2723"]
[BlackElo "2393"]

1.e4 c5 2.Nf3 d6 3.d4 cxd4 4.Nxd4 Nf6 5.Nc3 a6 6.Be2 e5 7.Nf3 h6 8.Nd2 b5 9.a4
b4 10.Nd5 Nxd5 11.exd5 Bb7 12.Nc4 a5 13.c3 Na6 14.Be3 Nc5 15.Bxc5 dxc5 16.d6
Bxg2 17.Rg1 Bc6 18.Nxe5 bxc3 19.Nxc6 Qxd6 20.bxc3 Be7 21.Nxe7 Qxe7 22.Rxg7 Kf8
23.Rg3 Rd8 24.Qc2 h5 25.Rd1 h4 26.Re3 Rxd1+ 27.Qxd1 Qf6 28.Qd5 {#r} 1-0

[Event "B91"]
[Site "Cleanchess.com   INT"]
[Date "2018.03.13"]
[Round "1"]
[White "Fontaine,R"]
[Black "Vachier Lagrave,M"]
[Result "0-1"]
[WhiteElo "2563"]
[BlackElo "2789"]

1.e4 c5 2.Nf3 d6 3.d4 cxd4 4.Nxd4 Nf6 5.Nc3 a6 6.g3 e5 7.Nde2 Be7 8.Bg2 b5
9.h3 Nbd7 10.g4 b4 11.Nd5 Nxd5 12.exd5 a5 13.a3 Ba6 14.O-O O-O 15.b3 Qc7
16.Ra2 Rfc8 17.Re1 Nc5 18.Ng3 g6 19.Bd2 bxa3 20.Rxa3 a4 21.bxa4 Bc4 22.a5 Qb7
23.Bc3 Bg5 24.Qf3 Bf4 25.Raa1 Qc7 26.h4 Qd8 27.g5 h6 28.Bh3 Rcb8 29.h5 Qxg5
30.hxg6 fxg6 31.Qg4 Qxg4 32.Bxg4 Kf7 33.Bf3 Rc8 34.Reb1 Ke7 35.Rb4 Ba6 36.Ne2
Bg5 37.Kg2 h5 38.Re1 Nd7 39.Rb3 Bc4 40.Ra3 Nf6 41.Rd1 e4 42.Bxf6+ Kxf6 43.Bxe4
Bxe2 44.Re1 Bg4 45.a6 Ra7 46.Rb1 Rcc7 47.Rb6 Bf4 48.Bd3 h4 49.Bb5 h3+ 50.Kg1
Rxc2 51.f3 h2+ 52.Kh1 Rc1+ {#R} 0-1

[Event "B90"]
[Site "Cleanchess.com Bushehr IRI"]
[Date "2018.03.15"]
[Round "8.6"]
[White "Firouzja,Alireza"]
[Black "Darini,P"]
[Result "1-0"]
[WhiteElo "2558"]
[BlackElo "2497"]

1.e4 c5 2.Nf3 d6 3.d4 cxd4 4.Nxd4 Nf6 5.Nc3 a6 6.Be3 Ng4 7.Bg5 h6 8.Bh4 g5
9.Be2 Bg7 10.Bg3 h5 11.Bxg4 Bxg4 12.f3 Bd7 13.Bf2 Nc6 14.Qd2 Ne5 15.b3 Rc8
16.Nd5 h4 17.h3 e6 18.Nf5 exd5 19.Nxg7+ Kf8 20.Nf5 Bxf5 21.exf5 Qf6 22.O-O
Qxf5 23.Qxd5 Rxc2 24.Qxb7 Rc6 25.Bd4 Rh6 26.Rac1 Rxc1 27.Rxc1 Qf4 28.Rc8+ Kg7
29.Qe4 Qxe4 30.fxe4 Re6 31.Ra8 Kg6 32.Rxa6 Nd3 33.a4 Nc1 34.Be3 Nxb3 35.Kf2 f6
36.Kf3 f5 37.exf5+ Kxf5 38.Rb6 Na5 39.Rb5+ Re5 40.Rxe5+ dxe5 41.Bb6 e4+ 42.Ke2
Nc6 43.a5 Nb4 44.Bc5 Na6 45.Be3 g4 46.Bf2 Kg5 47.Ke3 Nc5 48.Be1 g3 49.Bb4 Nd3
50.Be7+ Kf5 51.a6 {#r} 1-0

[Event "B89"]
[Site "Cleanchess.com Sweden SWE"]
[Date "2018.03.18"]
[Round "9.3"]
[White "Thornert,H"]
[Black "Glimbrant,T"]
[Result "1-0"]
[WhiteElo "2231"]
[BlackElo "2268"]

1.e4 c5 2.Nc3 Nc6 3.Nf3 e6 4.d4 cxd4 5.Nxd4 d6 6.Be3 Nf6 7.Bc4 Be7 8.Qe2 a6
9.O-O-O Qc7 10.Bb3 Na5 11.g4 b5 12.g5 Nxb3+ 13.axb3 Nd7 14.f4 b4 15.Na4 Bb7
16.Bd2 Nc5 17.Bxb4 Nxe4 18.Kb1 O-O 19.Rhf1 g6 20.Rg1 Rfe8 21.Nf3 a5 22.Ba3
Rec8 23.h4 Nc5 24.Bxc5 dxc5 25.Ne5 Bc6 26.h5 Rd8 27.Rde1 Bd6 28.hxg6 hxg6
29.Qh2 Bxe5 30.fxe5 Rd4 31.Rh1 Kf8 32.Qh8+ Ke7 33.Qf6+ Kd7 34.Nxc5+ Kc8
35.Rh8+ Rd8 36.Rxd8+ Qxd8 37.Qxf7 Kb8 38.Qxg6 Ra7 39.Qxe6 Bd5 40.Qf6 {#r} 1-0

[Event "B76"]
[Site "Cleanchess.com Saint Louis USA"]
[Date "2018.03.13"]
[Round "8.5"]
[White "Priyadharshan,K"]
[Black "Khachiyan,M"]
[Result "1-0"]
[WhiteElo "2513"]
[BlackElo "2525"]

1.e4 c5 2.Nf3 d6 3.Nc3 Nf6 4.d4 cxd4 5.Nxd4 g6 6.Be3 Bg7 7.f3 O-O 8.Qd2 Nc6
9.O-O-O Be6 10.Kb1 Rc8 11.h4 Ne5 12.g4 Bc4 13.Bd3 Qa5 14.a3 Rc7 15.Ncb5 Qxd2
16.Rxd2 Rc5 17.Nc3 Rb8 18.g5 Nh5 19.Rf1 b5 20.f4 Nd7 21.Nd5 Kf8 22.Nb3 Bxd5
23.Nxc5 dxc5 24.exd5 c4 25.Be2 Ng3 26.Rf3 c3 27.Rxg3 cxd2 28.Bxa7 Rb7 29.Bf2
Nb6 30.Bxb6 Rxb6 31.Rd3 b4 32.a4 Ra6 33.Rb3 Rxa4 34.c4 e5 35.fxe5 Bxe5 36.Kc2
Ke7 37.Kxd2 Kd6 38.Kc2 Kc5 39.Re3 Bd4 40.Re7 Ra2 41.Rc7+ Kd6 42.Rxf7 b3+
43.Kd3 Bxb2 44.Bd1 Be5 45.Bxb3 Rh2 46.Rxh7 Rh3+ 47.Ke4 Bb2 48.Bd1 Bc1 49.Bg4
Rh1 50.Kd4 Bb2+ 51.Kd3 Ba3 52.Bf3 Rh3 53.Ke4 Bc1 54.c5+ {#r} 1-0

[Event "B66"]
[Site "Cleanchess.com   INT"]
[Date "2018.03.13"]
[Round "1"]
[White "Li Chao2"]
[Black "Stremavicius,T"]
[Result "1-0"]
[WhiteElo "2732"]
[BlackElo "2451"]

1.e4 c5 2.Nf3 Nc6 3.Nc3 d6 4.d4 cxd4 5.Nxd4 Nf6 6.Bg5 e6 7.Qd2 Qb6 8.Nb3 a6
9.O-O-O Be7 10.f3 Qc7 11.Kb1 b5 12.Bxf6 gxf6 13.Qh6 Bd7 14.Ne2 O-O-O 15.Qh5
Rhf8 16.f4 Kb8 17.g3 Rc8 18.Bg2 Qb6 19.Qf3 b4 20.Nbd4 Ka7 21.Rd2 Na5 22.b3 Nb7
23.Rhd1 a5 24.Qh5 Qc5 25.Qf3 Rc7 26.c4 bxc3 27.Rc2 Rfc8 28.Rxc3 Qb4 29.Rxc7
Rxc7 30.Qe3 Kb8 31.Nc2 Qc5 32.Rc1 Qxe3 33.Nxe3 Bb5 34.Rxc7 Kxc7 35.Nc3 Bd3+
36.Kc1 Nc5 37.Kd2 Ba6 38.Bf1 Bb7 39.Bd3 Nxd3 40.Kxd3 Kd7 41.Nc4 Bd8 42.Na4 Kc6
43.Kd4 Ba6 44.g4 Bc7 45.Nc3 Kd7 46.f5 Kc6 47.h4 h6 48.a3 Kd7 49.Nd1 Kc6
50.Nde3 Kd7 51.b4 axb4 52.axb4 Bb8 53.Kc3 Ba7 54.Kd2 Kc6 55.Na3 Bd4 56.Nec4
Be5 57.Nxe5+ fxe5 58.fxe6 fxe6 59.b5+ Bxb5 60.Nxb5 Kxb5 61.g5 {#r} 1-0

[Event "B60"]
[Site "Cleanchess.com Bushehr IRI"]
[Date "2018.03.17"]
[Round "10.1"]
[White "Tabatabaei,M"]
[Black "Tahbaz,Arash"]
[Result "1-0"]
[WhiteElo "2592"]
[BlackElo "2455"]

1.e4 c5 2.Nf3 d6 3.d4 cxd4 4.Nxd4 Nf6 5.Nc3 Nc6 6.Bg5 g6 7.Bxf6 exf6 8.Bb5 Bd7
9.O-O Bg7 10.Nde2 f5 11.Qxd6 fxe4 12.Nxe4 Be5 13.Qd5 Qe7 14.Nc5 O-O-O 15.Nxd7
Rxd7 16.Qb3 Qc5 17.Rad1 Rhd8 18.Rxd7 Rxd7 19.Nc1 Kb8 20.Bxc6 Qxc6 21.Nd3 Bd4
22.Re1 a6 23.h3 Ka7 24.Re2 Qf6 25.a4 h5 26.Qc4 Bb6 27.Qe4 g5 28.Qe5 Qg6 29.a5
Bd4 30.Qe8 Rd5 31.b4 Qd6 32.Qxf7 g4 33.Re6 Qd8 34.Re8 Qd6 35.Qg8 Bxf2+ 36.Kf1
{#r} 1-0